Funkčný generátor testov VLSI obvodov

Salvato in:
Dettagli Bibliografici
Autore principale: Kočár, Marek, 1977- (Autore)
Altri autori: Hudec, Ján, 1953- (Relatore della tesi)
Natura: Manoscritto Libro
Lingua:slovacco
Pubblicazione: STU v Bratislave FIIT, 2008
Soggetti:
Tags: Aggiungi Tag
Nessun Tag, puoi essere il primo ad aggiungerne!!

MARC

LEADER 00000ntm a22000003a 4500
001 stu164708
005 20180413111240.9
008 080604s2008----xo------------------slo-d
040 |a STU  |b slo 
041 0 |a slo 
044 |a xo 
100 1 |a Kočár, Marek,  |d 1977-  |4 aut  |X 30640  |7 A000030640 
245 1 |a Funkčný generátor testov VLSI obvodov 
260 |b STU v Bratislave FIIT,  |c 2008 
300 |a 54 s  |c príl. 
650 7 |a počítačové inžinierstvo  |2 stusub 
700 1 |a Hudec, Ján,  |d 1953-  |4 ths  |u I100  |U FIIT Fakulta informatiky a informačných technológií  |T FIIT Ústav počítačových systémov a sietí  |X 1995  |U I100  |Y 178  |7 A000001995 
996 |c I*DP31/08  |l II680  |s P  |a 0  |w stu164708_0001